THE CAIRO TRILOGY: PALACE WALK,PALACE OF DESIRE SUGAR STREET (Record no. 216688)

MARC details
000 -LEADER
fixed length control field 00448nam a22001577a 4500
008 - FIXED-LENGTH DATA ELEMENTS--GENERAL INFORMATION
fixed length control field 260226b |||||||| |||| 00| 0 eng d
020 ## - INTERNATIONAL STANDARD BOOK NUMBER
International Standard Book Number 978-1-85715-248-7
100 ## - MAIN ENTRY--PERSONAL NAME
Personal name MAHFOUZ NAGUIB
245 ## - TITLE STATEMENT
Title THE CAIRO TRILOGY: PALACE WALK,PALACE OF DESIRE SUGAR STREET
260 ## - PUBLICATION, DISTRIBUTION, ETC.
Place of publication, distribution, etc. NEW YORK
Name of publisher, distributor, etc. EVERYMANS LIBRARY
Date of publication, distribution, etc. 2001
300 ## - PHYSICAL DESCRIPTION
Extent XLIII,1313P.
500 ## - GENERAL NOTE
General note INLUDES AN INDEX
650 ## - SUBJECT ADDED ENTRY
Topical term or geographic name entry element MUSLIMS- EGYPT
942 ## - ADDED ENTRY ELEMENTS (KOHA)
Source of classification or shelving scheme Library of Congress Classification
Koha item type Long Loan Book
Holdings
Withdrawn status Lost status Source of classification or shelving scheme Damaged status Not for loan Collection Home library Current library Shelving location Date acquired Inventory number Total checkouts Full call number Barcode Date last seen Copy number Price effective from Koha item type Date due Date last checked out
    Library of Congress Classification     Arts & Social Sciences Kisii University Library Kisii University Library On Display 02/26/2026 111576   PJ 7846 .A46M34 2001 a001250 02/26/2026 C.1 02/26/2026 Long Loan Book    
    Library of Congress Classification     Arts & Social Sciences Kisii University Library Kisii University Library On Display 02/26/2026 111577   PJ 7846 .A46M34 2001 a001245 02/26/2026 C.2 02/26/2026 Long Loan Book    
    Library of Congress Classification     Arts & Social Sciences Kisii University Library Kisii University Library On Display 02/26/2026 111578 1 PJ 7846 .A46M34 2001 a001241 04/28/2026 C.3 02/26/2026 Long Loan Book 05/12/2026 04/28/2026
    Library of Congress Classification     Arts & Social Sciences Kisii University Library Kisii University Library On Display 02/26/2026 111579   PJ 7846 .A46M34 2001 a001249 02/26/2026 C.4 02/26/2026 Long Loan Book